Elementi di biochimica (Record no. 38773)

MARC details
000 -LEADER
fixed length control field 00599cam a22002171 4500
001 - CONTROL NUMBER
control field med47003355
003 - CONTROL NUMBER IDENTIFIER
control field DLC
005 - DATE AND TIME OF LATEST TRANSACTION
control field 20260227111608.0
008 - FIXED-LENGTH DATA ELEMENTS--GENERAL INFORMATION
fixed length control field 810725m19451945xx a 000 0 ita
010 ## - LIBRARY OF CONGRESS CONTROL NUMBER
LC control number med47003355
035 ## - SYSTEM CONTROL NUMBER
System control number (OCoLC)14743922
040 ## - CATALOGING SOURCE
Original cataloging agency DLC
Transcribing agency DNLM
Modifying agency DLC
042 ## - AUTHENTICATION CODE
Authentication code premarc
050 00 - LIBRARY OF CONGRESS CALL NUMBER
Classification number QP514
Item number .R77 1945
060 0# - NATIONAL LIBRARY OF MEDICINE CALL NUMBER
Classification number QU 4
Item number R771e 1945
100 1# - MAIN ENTRY--PERSONAL NAME
Personal name Rondoni, Pietro,
Dates associated with a name 1882-
245 10 - TITLE STATEMENT
Title Elementi di biochimica
Remainder of title (chimica fisiologica e patologica)
250 ## - EDITION STATEMENT
Edition statement 5. ed. ...
260 ## - PUBLICATION, DISTRIBUTION, ETC.
Place of publication, distribution, etc. Torino,
Name of publisher, distributor, etc. Unione tipografico-editrice torinese,
Date of publication, distribution, etc. 1945.
300 ## - PHYSICAL DESCRIPTION
Extent 2 v.
Other physical details ill.

No items available.

Powered by Koha